000
00443nam a2200145Ia 4500
008
100204s9999 xx 000 0 und d
082
_b
12393
100
_a
रायकर प्रतिभा
245
_a
विधिलिखित
260
_b
"प्रिया प्रकाशन, मुंबई"
_c
1990
300
_a
198
630
_a
विधिलिखित
730
_a
विधिलिखित
942
_c
BOOK
999
_c
456826
_d
456823